00844nam a22001937a 450000500170000001000150001702000260003203500130005803700130007108200080008410000210009224502340011326000470034727000650039430000310045994200220049099900170051295201210052920140411124020.0 aENG-109290 a9788172543488c300.00 aEN-92823 bDBAD/PUB a000 aSubburaj, V.V.K. aSSC recruitment of sub-inspectors in Delhi police, CAPFs and assistant sub-inspectors in CISF and intelligence officer in NCB examination :cby V.V.K. Subburajbprevious year (2011) original quesitons paper with answer included / aChennaibSura College of Competitionc2013 a1620, 'J' Block, 16th Main Road, Anna NagarbChennaie600040 avaroius pagingsc25cm(pbk) 2ddccENmSUBh000 c82460d82460 001040718NFICaDBADbDBADd2014-02-12eDBAD/PUBg300.00l0o000 SSCpEN-92823r2014-02-12 00:00:00t1v300.00yEN